La aviación en la guerra de España / (Record no. 126216)

MARC details
000 -LEADER
campo de control de longitud fija 00757nam a2200241 4500
001 - NÚMERO DE CONTROL
campo de control 126216
003 - IDENTIFICADOR DE NÚMERO DE CONTROL
campo de control ES-MaACL
005 - FECHA Y HORA DE LA ÚLTIMA TRANSACCIÓN
campo de control 20230906192758.0
007 - CAMPO FIJO DE DESCRIPCIÓN FÍSICA--INFORMACIÓN GENERAL
campo de control de longitud fija t|
008 - DATOS DE LONGITUD FIJA--INFORMACIÓN GENERAL
campo de control de longitud fija 070214s1969 sp r ||||1| spa d
080 ## - NÚMERO DE LA CLASIFICACIÓN DECIMAL UNIVERSAL
Número de la Clasificación Decimal Universal 623.74(46)"1936/.39"
100 1# - ENTRADA PRINCIPAL--NOMBRE DE PERSONA
Nombre de persona Rello, Salvador.
9 (RLIN) 96113
245 13 - MENCIÓN DEL TÍTULO
Título La aviación en la guerra de España /
Mención de responsabilidad, etc. Salvador Rello.
260 ## - PUBLICACIÓN, DISTRIBUCIÓN, ETC.
Lugar de publicación, distribución, etc. Madrid :
Nombre del editor, distribuidor, etc. San Martín,
Fecha de publicación, distribución, etc. 1969.
300 ## - DESCRIPCIÓN FÍSICA
Extensión 3 v. (104 ; 81 ; 94 p.) :
Otras características físicas il. ;
Dimensiones 15 cm.
490 1# - MENCIÓN DE SERIE
Mención de serie Alca ;
Designación de volumen o secuencia 11, 13-14
650 #4 - PUNTO DE ACCESO ADICIONAL DE MATERIA--TÉRMINO DE MATERIA
Término de materia o nombre geográfico como elemento de entrada Ejército del aire-
Subdivisión geográfica España-
Subdivisión cronológica 1936-1939.
9 (RLIN) 173795
830 1# - PUNTO DE ACCESO ADICIONAL DE SERIE-TÍTULO UNIFORME
Título uniforme Alca ;
Designación de volumen o secuencia 11, 13-14
9 (RLIN) 219099
852 4# - LOCALIZACIÓN
Ubicación ES-MaACL
Número de control de estantería C-36730
Designación de la unidad física (V. 1)
852 4# - LOCALIZACIÓN
Ubicación ES-MaACL
Número de control de estantería C-42137
Designación de la unidad física (V.2)
852 4# - LOCALIZACIÓN
Ubicación ES-MaACL
Número de control de estantería C-42136
Designación de la unidad física (V. 3)
Holdings
Estatus retirado Estado de pérdida Estado de daño No para préstamo Biblioteca de origen Biblioteca actual Ubicación en estantería Fecha de adquisición Fuente de adquisición Total de préstamos Signatura topográfica completa Código de barras Visto por última vez Precio de reemplazo Tipo de ítem Koha
        Biblioteca del Ateneo de Madrid Biblioteca del Ateneo de Madrid Depósito 2 19/11/2021     C-42137 1202734 23/02/2023 23/02/2023 Libro impreso
        Biblioteca del Ateneo de Madrid Biblioteca del Ateneo de Madrid Depósito 2 17/01/2008     C-36730 1131465 23/02/2023 23/02/2023 Libro impreso
        Biblioteca del Ateneo de Madrid Biblioteca del Ateneo de Madrid Depósito 2 29/12/2021     C-42136 1202776 23/02/2023 23/02/2023 Libro impreso